Pt.4 Report and tables on housing and establishment Pt. 5 Report and tables on scheduled tribes and reprints from old publication . Andman Nicobar Island V 17 . (Record no. 478798)

MARC details
000 -LEADER
fixed length control field 00728nam a2200205Ia 4500
003 - CONTROL NUMBER IDENTIFIER
control field OSt
005 - DATE AND TIME OF LATEST TRANSACTION
control field 20220925170001.0
008 - FIXED-LENGTH DATA ELEMENTS--GENERAL INFORMATION
fixed length control field 220923b |||||||| |||| 00| 0 eng d
037 ## - SOURCE OF ACQUISITION
Terms of availability General Book
040 ## - CATALOGING SOURCE
Original cataloging agency RTL
Transcribing agency RTL
Language of cataloging eng
041 ## - LANGUAGE CODE
Source of code eng
Language code of text/sound track or separate title eng
100 ## - MAIN ENTRY--PERSONAL NAME
Personal name Census of India,1961
245 #0 - TITLE STATEMENT
Title Pt.4 Report and tables on housing and establishment Pt. 5 Report and tables on scheduled tribes and reprints from old publication . Andman Nicobar Island V 17 .
260 ## - PUBLICATION, DISTRIBUTION, ETC.
Place of publication, distribution, etc. Andman & and Nicobar
Name of publisher, distributor, etc. Govt. Press
Date of publication, distribution, etc. 1961
942 ## - ADDED ENTRY ELEMENTS (KOHA)
Classification part Y:5.291sN61, K1.17-4-5
Koha item type General Books
Source of classification or shelving scheme Colon Classification (CC)
Holdings
Withdrawn status Lost status Damaged status Not for loan Home library Current library Date acquired Total Checkouts Full call number Barcode Date last seen Price effective from Koha item type
        Ratan Tata Library Ratan Tata Library 2022-09-25   Y:5.291sN61 K1.17-4-5 RT0042778 2022-09-25 2022-09-25 General Books
Copyright @ Delhi University Library System